A history britain / (Record no. 129770)

MARC details
000 -LEADER
fixed length control field 00706nam a22002537a 4500
005 - DATE AND TIME OF LATEST TRANSACTION
control field 20170124110102.0
010 ## - LIBRARY OF CONGRESS CONTROL NUMBER
LC control number B-045736
020 ## - INTERNATIONAL STANDARD BOOK NUMBER
Terms of availability 00.00
035 ## - SYSTEM CONTROL NUMBER
System control number B-045736
037 ## - SOURCE OF ACQUISITION
Source of stock number/acquisition Cen Lib/Ret
040 ## - CATALOGING SOURCE
Original cataloging agency DPL
Language of cataloging EN
082 ## - DEWEY DECIMAL CLASSIFICATION NUMBER
Classification number 942
Item number CAR
100 ## - MAIN ENTRY--PERSONAL NAME
Personal name Carter, E.H.
9 (RLIN) 27345
245 ## - TITLE STATEMENT
Title A history britain /
Statement of responsibility, etc by E.H. Carter [and] R.A.F. Mears
250 ## - EDITION STATEMENT
Edition statement 3rd edq
260 ## - PUBLICATION, DISTRIBUTION, ETC. (IMPRINT)
Name of publisher, distributor, etc Oxford University Press
Date of publication, distribution, etc 1937
Place of publication, distribution, etc London
270 ## - ADDRESS
Address amen house
City London
300 ## - PHYSICAL DESCRIPTION
Extent 1116p ;
Dimensions 20cm(Hb)
Other physical details ill.
500 ## - GENERAL NOTE
General note Includes index
650 ## - SUBJECT ADDED ENTRY--TOPICAL TERM
Topical term or geographic name as entry element History
Geographic subdivision Britain
9 (RLIN) 18811
650 ## - SUBJECT ADDED ENTRY--TOPICAL TERM
Topical term or geographic name as entry element Decline of Rome
9 (RLIN) 27346
700 ## - ADDED ENTRY--PERSONAL NAME
Personal name Mears, R.A.F.
9 (RLIN) 27300
942 ## - ADDED ENTRY ELEMENTS (KOHA)
Source of classification or shelving scheme Dewey Decimal Classification
Koha item type English Books
Classification part 942
Call number suffix CAR
Holdings
Withdrawn status Lost status Damaged status Not for loan Home library Current library Date acquired Source of acquisition Cost, normal purchase price Total Checkouts Full call number Barcode Date last seen Date checked out Copy number Cost, replacement price Price effective from Koha item type
        Central Library Central Library 07/07/2015 Cen Lib/Ret 0.00 6 942 CAR B-045736 12/01/2024 22/12/2023 1 0.00 07/07/2015 English Books

© Delhi Public Library
Hit Counter
free hit counter